书目信息 |
| 题名: |
农业气象基础知识
|
|
| 作者: | 郑剑非 著 | |
| 分册: | ||
| 出版信息: | 北京 农业出版社 1981 |
|
| 页数: | 65页 | |
| 开本: | 19cm | |
| 丛书名: | ||
| 单 册: | ||
| 中图分类: | S16 | |
| 科图分类: | ||
| 主题词: | 农业气象--干部教育--教材 | |
| 电子资源: | ||
| ISBN: | ||
| 000 | 00635nam0 2200241 45 | |
| 001 | 0181001165 | |
| 005 | 20060801105528.92 | |
| 010 | @dCNY0.19 | |
| 091 | @b13144.241 | |
| 100 | @a19950530d1981 em y0chiy0121 ea | |
| 101 | 0 | @achi |
| 102 | @aCN@b110000 | |
| 105 | @ay z 000yy | |
| 200 | 10 | @a农业气象基础知识@Anong ye qi xiang ji chu zhi shi@f郑剑非著 |
| 210 | @a北京@c农业出版社@d1981 | |
| 215 | @a65页@d19cm | |
| 300 | @a农业干部培训自学读本 | |
| 606 | @a农业气象@x干部教育@x教材 | |
| 690 | @aS16@v3 | |
| 701 | 0 | @a郑剑非@Azheng jian fei@4著 |
| 801 | 2 | @aCN@bNLC@c20060801 |
| 801 | 0 | @aCN@bTSSF |
| 905 | @a10447@dS16@e33 | |
| 农业气象基础知识/郑剑非著.-北京:农业出版社,1981 |
| 65页;19cm |
| 农业干部培训自学读本 |
| ISBN :CNY0.19 |
| ● |
| 相关链接 |
|
|
|
|
正题名:农业气象基础知识
索取号:S16/33
 
预约/预借
| 序号 | 登录号 | 条形码 | 馆藏地/架位号 | 状态 | 备注 |
| 1 | 0439288 | 204392889 | 密集书库/ [索取号:S16/33] | 在馆 | |
| 2 | 0439311 | 204393110 | 密集书库/ [索取号:S16/33] | 在馆 |